| 000 | 01371nam a2200349 a 4500 | ||
|---|---|---|---|
| 999 |
_c46030 _d46030 |
||
| 003 | BLK | ||
| 005 | 20250409143919.0 | ||
| 008 | 180408b bul|||||r ||||||| ||bul|| | ||
| 010 | _aKNG00049833000 | ||
| 020 | _a954-507-009-9 | ||
| 040 | _aBLK | ||
| 041 |
_aBUL _cBUL |
||
| 080 |
_aАнглийска литература _b821.111 _x-31 _z821.111-31 |
||
| 100 | 1 |
_aЧейс, Джеймс Хадли _eпърви автор _9241644 |
|
| 139 |
_aЧейс, Джеймс Хадли _bЧ 49 |
||
| 245 | 1 | 0 |
_aНе дразни лъва! _bРоман _cДжеймс Хадли Чейс; прев. от англ. Ирина Казакова-Петрова. |
| 257 | _aGBR | ||
| 260 |
_aСофия _bГуторанов и син _c1992 _fВраца : Полипринт _n954-507-008-9 |
||
| 300 |
_a224 с. _c20 см |
||
| 380 | _aX | ||
| 490 |
_aДжеймс Хадли Чейс : Избрано _v4 _9201819 |
||
| 500 | _aОриг. загл. Tiger by the Tail / James Hadley Chase. - 20 000 тир. | ||
| 653 | _aкрими | ||
| 700 | 1 |
_aКазакова-Петрова, Ирина _eпрев. от англ. _9249861 |
|
| 852 |
_aЦб 171490 _bЦб |
||
| 856 | 4 |
_qpdf _i0.00 _ldisable |
|
| 856 | 4 |
_qpdf _i0.00 _ldisable |
|
| 942 |
_cKNG _n0 _04 _s1 |
||
| 944 |
_aCR _c05.05.2005 _k30576 _lЦветомила Тодорова |
||
| 944 |
_aED _c09.05.2005 |
||
| 999 | _d46030 | ||